Quizzes
Events
Quiz Creation
Community
Videos
Private Events
Remove Ads
Sign In
Join for FREE
Feedback
Dark Mode
Quiz Categories
Sports
Geography
Music
Movies
Television
Just For Fun
Miscellaneous
History
Literature
Language
Science
Gaming
Entertainment
Religion
Holiday
For Kids
Quiz Lab
Recent
Popular Today
Quiz Kudos Today
Editor Picks
Curator Picks
Quizzes by...
Day
Popularity
Type
Ratings
Length
Year
Community
Subscriptions
Recent Discussions
Orange Saloon
Badges
Playlists
Quests
Create
Leaderboards
Showdown
Live 5
Trivia Bingo
Activity
Puzzle Library
Sporcle Events
Private Events
Virtual Trivia
Globe League
Become a Host
Pub Owners
SporcleCon
Opinionation
Our Games
Videos
Blog
Mobile Apps
Partnerships
Remove Ads and Go Orange
Feedback
Sports
Athletes
MLB
NBA
NHL
NFL
Soccer
Sports Teams
WWE
NCAA
Football
Premier League
Basketball
Baseball
Hockey
Golf
Tennis
Cricket
Rugby
Auto Racing
Olympics
World Cup
Sports
Athletes
MLB
NBA
NHL
NFL
Soccer
Sports Teams
WWE
NCAA
Football
Premier League
Basketball
Baseball
Hockey
Golf
Tennis
Cricket
Rugby
Auto Racing
Olympics
World Cup
Random Quiz
Search Sporcle
×
Quiz Lab
Quiz Lab
Sports
Football
Type in answers that appear in a list
Type in answers that appear in a list
Classic
Best Score? Go Orange.
West Bromwich Albion Squad 2011 - 2012 Stats
Can you name the West Brom squad for the 2011-12 season?
By
247Potter
7m
37 Questions
378 Plays
378 Plays
378 Plays
Comments
Comments
Give Quiz Kudos
Give Quiz Kudos
-
- Ratings
hide this ad
More Info
Replay
Link that replays current quiz
Next Quiz
Link to next quiz in quiz playlist
You Got
0%
They Got
Avg Score
57%
Avg Friend Score
Upgrade to see
Score Distribution
Jump to the score distribution portion of the page
Score
0/37
Timer
07:00
1
Play Today
Squad No.
Player
% Correct
1
Ben Foster
97.6%
11
Chris Brunt
94.2%
7
James Morrison
91.3%
24
Peter Odemwingie
91.3%
3
Jonas Olsson
90.5%
9
Shane Long
88.1%
21
Youssouf Mulumbu
83.6%
17
Graham Dorrans
79.6%
12
Steven Reid
76.7%
23
Gareth McAuley
76.7%
n/
a (on loan)
Boaz Myhill
75.7%
28
Billy Jones
73%
14
Jerome Thomas
72.5%
33
Paul Scharner
68.5%
32
Marc-Antione Fortune
67.2%
20
Nicky Shorey
66.9%
25
Craig Dawson
63.2%
30
Gabriel Tamas
63.2%
19
Luke Daniels
62.2%
Squad No.
Player
% Correct
22
Zoltan Gera
60.6%
31
Simon Cox
60.6%
5
Somen Tchoyi
58.7%
13
Marton Fulop
54.2%
18
Gonzalo Jara
50.5%
43
Roman Bednar
43.7%
2
Joe Mattock
43.4%
29
George Thorne
41.5%
38
Saido Berahino
41.3%
35
Romaine Sawyers
28.6%
39
Kemar Roofe
25.9%
27
Sam Mantom
25.4%
36
Adil Nabi
24.3%
37
Kayelden Brown
20.1%
34
Paul Downing
18.5%
41
Lateef Elford-Alliyu
18%
40
Liam O'Neil
16.4%
42
Cameron Gayle
14%
Quiz Playlist
Details
Report
Send in Message
Add To Playlist
More Info:
All answers correct as of September 2011
Classic:
Type in answers that appear in a list
Quiz Source
Last Updated: Feb 16, 2017
Quiz Scoreboard
CHALLENGE
Sign Up to Join the Scoreboard
Show All
Scores
Hide
Comments
May contain spoilers
Recently Published
NBA Finals Game Top Scorers (2010s)
by flibbidy
Sports
5m
Guess the 'R' Things in 3 Words
by MSUKent
Miscellaneous
3m
Actor to Badly Drawn Movie III
by MoMosMoProblems
Movies
5m
More to Explore
Quiz From the Vault
Featured Blog Post
Where Does Lost Luggage Go?
hide this ad
You Might Also Like...
Tags
Football Quiz
Premier League Quiz
West Bromwich Albion
Today's Top Quizzes in Sports
Browse Sports
hide this ad
Today's Top Quizzes in Football
Browse Football
Top Contributed Quizzes in Sports
1
Les joueurs à 100 buts en Ligue 1 Uber Eats
2
2022 World Cup Stars
3
2024 March Madness Bracket
4
Millionaire: NBA Finals Edition
5
Players with Multiple 50 Home Run Seasons
6
Criteria MLB: Left Handed Sluggers
7
Nickname Match: Athletes VI
8
Iconic Moments in Football - Multiple Choice
9
NFL MVPs ordered
10
NBA Championships Per City
Explore More
Trending Topics
Marvel
Crossword
Harry Potter
Anime
NBA
Disney
Kpop
NFL
Pokémon
Country
Puzzle
The Office
Song
WWE
Soccer
hide this ad
More By:
247Potter
Quiz
Plays
Rating
Category
Featured
Created
West Bromwich Albion Squad 2011 - 2012
378
5.00
Sports
Sep 13, 2011
Wolverhampton Wanderers Squad 2011 - 2012
300
5.00
Sports
Sep 12, 2011
Bolton Wanderers Squad 2011 - 2012
184
5.00
Sports
Sep 11, 2011
Stoke City Squad 2011 - 2012
162
3.00
Sports
Sep 11, 2011
Fulham Squad 2011 - 2012
133
5.00
Sports
Sep 12, 2011
Go to Creator's Profile
Score Distribution
Quiz Creator Spotlight
247Potter
Follow
Send a Message
Quizzes Created
-
Created Quiz Play Count
-
More By This Creator
Popular Quizzes Today
1
Find the US States - No Outlines Minefield
2
Find the US States
3
The Countries of the World
4
10 Largest US States in Order
5
Find the Countries of Europe - No Outlines Minefield
6
US States
7
Guess the 'R' Things in 3 Words
8
NBA Finals Game Top Scorers (2010s)
More Sports Quizzes
2018-19 Europe's Top 5 Leagues Most Goals & Assists
Quiz Lab
Trending Quizzes
First Name TV: Leading Men
Match the Book to the Film II
First Name TV: Leading Women Drama
Pick A Pair: Religious TV
Match the Book to the Film VI
Recently Updated
Women's Final Four Teams by Year
bhenderson79
Presidents Quartet II
eogle
Anything But Clue(do)
eogle
Anything But Oceanian Capitals
eogle
Anything But 7
eogle
Anything But Thing
eogle
Word Ladder: February 29
pecheneg
Song Title Questions
pecheneg
Women's NCAA Tournament #1 Seeds
pecheneg
Celebrity Mug Shots
pecheneg
Trending Topics
Marvel
Crossword
Kpop
Harry Potter
Anime
Disney
NBA
Pokémon
The Office
Puzzle
WWE
Country
NFL
Soccer
Song
Your Account Isn't Verified!
In order to create a playlist on Sporcle, you need to verify the email address you used during registration. Go to your
Sporcle Settings
to finish the process.
Report this User
Report this user for behavior that violates our
Community Guidelines
.
Details:
Send Report
Go to the Sporcle.com Mobile Site →
Comments